00426nam a2200181Ia 4500008004100000020001800041050001500059100002000074245002800094245002300122250001800145260001000163260001600173260000900189300001600198300002000214300001000234170918s9999 xx 000 0 und d a9780385512725 bH313i 2006 aHarris, E. Lynn aI say a little prayer / cby E. Lynn Harris. aFirst edition aUSA : bDouble Day, c2006 a293 pages : billustrations ; c20cm.